Capital of Italian Regions - Statistics

General Stats
  • This quiz has been taken 95 times
  • The average score is 16 of 20
Answer Stats
Macroregion Region Capital % Correct
Centre Lazio Rome
100%
North-East Veneto Venice
100%
North-West Lombardy Milan
99%
Centre Tuscany Florence
97%
North-West Piedmont Turin
96%
South Campania Naples
95%
Islands Sicily Palermo
93%
North-West Liguria Genoa
92%
South Apulia Bari
90%
Islands Sardinia Cagliari
89%
North-East Emilia-Romagna Bologna
88%
North-East Friuli-Venezia Giulia Trieste
79%
North-West Aosta Valley Aosta
75%
North-East Trentino-South Tyrol Trento
71%
Centre Umbria Perugia
60%
Centre Marche Ancona
59%
South Abruzzo L'Aquila
55%
South Calabria Catanzaro
52%
South Molise Campobasso
49%
South Basilicata Potenza
48%
No matching quizzes found
Score Distribution
Percent of People with Each Score
Percentile by Number Answered
Your Score History
You have not taken this quiz